Electric Machines (Record no. 1678820)
[ view plain ]
| 000 -LEADER | |
|---|---|
| fixed length control field | 01136 a2200253 4500 |
| 005 - DATE AND TIME OF LATEST TRANSACTION | |
| control field | 20260429121752.0 |
| 008 - FIXED-LENGTH DATA ELEMENTS--GENERAL INFORMATION | |
| fixed length control field | 260429b |||||||| |||| 00| 0 eng d |
| 040 ## - CATALOGING SOURCE | |
| Original cataloging agency | CSL |
| Transcribing agency | CSL |
| 041 ## - LANGUAGE CODE | |
| Source of code | eng |
| Language code of text/sound track or separate title | eng |
| 084 ## - COLON CLASSIFICATION NUMBER | |
| Classification number | D65 Q5;10-;14 |
| Assigning agency | CSL |
| 100 ## - MAIN ENTRY--PERSONAL NAME | |
| Personal name | Hussain, Ashfag |
| 9 (RLIN) | 1114259 |
| Relator term | author |
| 245 ## - TITLE STATEMENT | |
| Title | Electric Machines |
| 250 ## - EDITION STATEMENT | |
| Edition statement | 3rd |
| 260 ## - PUBLICATION, DISTRIBUTION, ETC. | |
| Place of publication, distribution, etc. | New Delhi |
| Name of publisher, distributor, etc. | Dhanpat Rai & Sons |
| Date of publication, distribution, etc. | 2025 |
| 300 ## - PHYSICAL DESCRIPTION | |
| Extent | ''xvii, 698 p. |
| Other physical details | '': ill.'' |
| Dimensions | '';24 cm.'' |
| 500 ## - GENERAL NOTE | |
| General note | Includes appendices and index |
| 520 ## - SUMMARY, ETC. | |
| Summary, etc. | This book is intended to serve as a textbook for BE/B Tech. degree students. It will also serve as a text reference for the students of diploma in engineering AMIE IETE GATE UPSC engineering services. IAS candidates would also find the book extremely useful. |
| 650 ## - SUBJECT ADDED ENTRY--TOPICAL TERM | |
| Topical term or geographic name entry element | transformer-i |
| 9 (RLIN) | 1235964 |
| 650 ## - SUBJECT ADDED ENTRY--TOPICAL TERM | |
| Topical term or geographic name entry element | three-phase induction motors |
| 9 (RLIN) | 1235965 |
| 650 ## - SUBJECT ADDED ENTRY--TOPICAL TERM | |
| Source of heading or term | principles of electromechanical energy conversion |
| 650 ## - SUBJECT ADDED ENTRY--TOPICAL TERM | |
| Topical term or geographic name entry element | power semiconductor switches |
| 9 (RLIN) | 1235967 |
| 700 ## - ADDED ENTRY--PERSONAL NAME | |
| Personal name | Ashfaq, Haroon |
| Relator term | author |
| 9 (RLIN) | 1235968 |
| 942 ## - ADDED ENTRY ELEMENTS (KOHA) | |
| Koha item type | Textual |
| Source of classification or shelving scheme | Colon Classification (CC) |
| Edition | 3rd |
| Classification part | D65 Q5;10-;14 |
| Withdrawn status | Lost status | Source of classification or shelving scheme | Damaged status | Not for loan | Home library | Current library | Date acquired | Source of acquisition | Cost, normal purchase price | Total Checkouts | Full call number | Barcode | Date last seen | Cost, replacement price | Price effective from | Koha item type |
|---|---|---|---|---|---|---|---|---|---|---|---|---|---|---|---|---|
| Colon Classification (CC) | Faculty of Technology Library | Central Science Library | 2026-03-30 | 93 | 500.00 | D65 Q5;10 | FT1793685 | 2026-03-30 | 625.00 | 2026-03-30 | Textual | |||||
| Colon Classification (CC) | Faculty of Technology Library | Central Science Library | 2026-03-30 | 93 | 500.00 | D65 Q5;11 | FT1793686 | 2026-03-30 | 625.00 | 2026-03-30 | Textual | |||||
| Colon Classification (CC) | Faculty of Technology Library | Central Science Library | 2026-03-30 | 93 | 500.00 | D65 Q5;12 | FT1793687 | 2026-03-30 | 625.00 | 2026-03-30 | Textual | |||||
| Colon Classification (CC) | Faculty of Technology Library | Central Science Library | 2026-03-30 | 93 | 500.00 | D65 Q5;13 | FT1793688 | 2026-03-30 | 625.00 | 2026-03-30 | Textual | |||||
| Colon Classification (CC) | Faculty of Technology Library | Central Science Library | 2026-03-30 | 93 | 500.00 | D65 Q5;14 | FT1793689 | 2026-03-30 | 625.00 | 2026-03-30 | Textual |
